| 000 | 00469nam a22001697a 4500 | ||
|---|---|---|---|
| 003 | OSt | ||
| 005 | 20140310183055.0 | ||
| 008 | 130228t xxu||||| |||| 00| 0 eng d | ||
| 020 | _a971896603x | ||
| 050 |
_aHF 5549 _b.Ab22 1991 |
||
| 245 |
_aPersonnel management : the efficient management of employees _cPacita Arguelles Abasolo. |
||
| 260 |
_a[S.l. : _bs.n.], _c1991. |
||
| 300 |
_a277 p. ; _c 25 cm. |
||
| 521 | _aBSBA | ||
| 942 |
_2lcc _cBK _kLOC |
||
| 999 |
_c18674 _d18674 |
||